Biological, chemical and integrated management in rubber cultivation during the immature years: A comparative study (Record no. 50304)

MARC details
000 -LEADER
fixed length control field 00626nam a2200181Ia 4500
100 ## - MAIN ENTRY--AUTHOR NAME
Personal name Joseph K
245 #0 - TITLE STATEMENT
Title Biological, chemical and integrated management in rubber cultivation during the immature years: A comparative study
260 ## - PUBLICATION, DISTRIBUTION, ETC. (IMPRINT)
Name of publisher PLACROSYM XXI. International Symposium on Plantation Crops, 10-12 December 2014, Kozhikode, India, pp. 98. Abstracts.
650 ## - SUBJECT ADDED ENTRY--TOPICAL TERM
Topical Term Biological treatment
650 ## - SUBJECT ADDED ENTRY--TOPICAL TERM
Topical Term Chemical management
650 ## - SUBJECT ADDED ENTRY--TOPICAL TERM
Topical Term Rubber cultivation
700 ## - ADDED ENTRY--PERSONAL NAME
Personal name Joseph A
700 ## - ADDED ENTRY--PERSONAL NAME
Personal name Mathew J
700 ## - ADDED ENTRY--PERSONAL NAME
Personal name Philip A
700 ## - ADDED ENTRY--PERSONAL NAME
Personal name Philip S
942 ## - ADDED ENTRY ELEMENTS (KOHA)
Koha item type Bibliography STAF
Holdings
Withdrawn status Lost status Damaged status Not for loan Home library Current library Shelving location Date acquired Koha item type
      Bibliography RRII Library RRII Library Pathology 26/03/2015 Bibliography STAF